Účtovníctvo a vykazovanie poisťovní podľa IFRS cvičebnica

Bibliographic Details
Main Author: Meluchová, Jitka, 1965- (Author)
Format: Book
Language:Slovak
PhysicalDescription:112 s. tab. 30 cm
Published: V Bratislave Ekonóm Ekonomická univerzita, Fakulta hospodárskej informatiky 2014
ISBN:9788022538220
Edition:[2.] vyd.
Subjects:

MARC

LEADER 00000cam a2200000 a 4500
001 vtls010584071
003 SK-MaSNL
005 20260301100533.0
008 240314s2014 xo a e n 000 0 slo
015 |a SNBA2014/08 
020 |a 9788022538220  |q (brož.) 
035 |a 4C1214D1-1ED6-4360-BFB3-A404DF2ED6B7 
035 |a urn:nbn:sk:snk-amkc5t 
035 |a urn:nbn:sk:snk-am003u87 
040 |a SNK  |b slo  |c SNK  |e AACR2 
041 0 |a slo 
044 |a xo  |c SK 
072 7 |a 657  |x Účtovníctvo  |2 konspekt 
072 7 |a 368  |x Poisťovníctvo  |2 konspekt 
080 |a 657  |2 2001 
080 |a 368.03  |2 2001 
080 |a 006.32  |2 2001 
080 |a 368  |2 2001 
080 |a 657.37  |2 2001 
100 1 |a Meluchová, Jitka,  |d 1965-  |4 aut  |9 159665 
245 1 0 |a Účtovníctvo a vykazovanie poisťovní podľa IFRS  |b cvičebnica  |c Jitka Meluchová 
250 |a [2.] vyd. 
260 |a V Bratislave  |b Ekonóm  |b Ekonomická univerzita, Fakulta hospodárskej informatiky  |c 2014 
300 |a 112 s.  |b tab.  |c 30 cm 
366 |e 250 výt. 
500 |a Na dokumente chybné číslo vydania (1. vyd.), správne má byť 2. vyd. 
504 |a Bibliogr.: s. 101-103 ; zoz. použ. skrat. 
650 0 7 |a účtovníctvo  |2 SNKPH  |9 649 
650 0 7 |a poisťovne  |2 SNKPH  |9 1979 
650 0 7 |a Accounting  |2 SNKPHeng  |9 266872 
650 0 7 |a poisťovne  |2 SNKPHeng  |9 1979 
650 0 7 |a poistenie  |2 SNKPH  |9 1690 
650 0 7 |a Insurance  |2 SNKPHeng  |9 267390 
650 0 7 |a medzinárodné účtovné štandardy  |2 SNKPH  |9 70134 
650 0 7 |a International accounting standards  |2 SNKPHeng  |9 323342 
650 0 7 |a účtovná závierka  |2 SNKPH  |9 59787 
650 0 7 |a Financial statements  |2 SNKPHeng  |9 276137 
655 7 |a učebnice vysokých škôl  |2 SNKPH  |9 70191 
655 7 |a Textbooks (higher)  |2 SNKPHeng  |9 276436 
752 |a Slovensko  |d Bratislava 
852 |a Štátna vedecká knižnica v Banskej Bystrici 
919 |a 978-80-225-3822-0 
958 |a NB 
999 |c 686608  |d 688538 
952 |a SNK  |b SNK  |y PREZ  |7 0  |p 17A1106331  |o snkSB 86404  |i snk2014/7211  |8 0  |0 0  |1 0  |4 0  |d 2014-03-19  |f 1  |l 0  |r 2025-05-07 00:00:00  |w 2026-02-23 
952 |a SNK  |b SNK  |y VYP  |7 0  |p 17A1106332  |o snkSB 86404 D1  |i snk2014/7212  |8 0  |0 0  |1 0  |4 0  |d 2014-03-19  |l 0  |r 2016-06-30 00:00:00  |w 2026-02-23